[Event "Russian Championship B17 2016"]
[Site "Loo"]
[Date "2016.04.28"]
[Round "9.5"]
[White "Smirnov, Timofey"]
[Black "Afanasiev, Nikita"]
[Result "1-0"]
[WhiteElo "2303"]
[BlackElo "2349"]
[PlyCount "187"]
[EventDate "2016.04.20"]

1. e4 d5 2. exd5 Qxd5 3. Nc3 Qd6 4. d4 c6 5. Nf3 Bg4 6. Be2 Bxf3 7. Bxf3 Nf6 8.
O-O e6 9. Ne4 Nxe4 10. Bxe4 Be7 11. c3 Nd7 12. Qf3 Qc7 13. Be3 O-O 14. Rad1 Bd6
15. Kh1 Nf6 16. Bc2 Qa5 17. Bb1 Qb5 18. b3 Qd5 19. Qh3 Rfe8 20. c4 Qh5 21. Qxh5
Nxh5 22. g3 h6 23. Kg2 Nf6 24. Rfe1 Bb4 25. Rf1 Red8 26. Rd3 Rd7 27. Rfd1 Rad8
28. Bc1 Ne8 29. Bb2 Be7 30. Bc1 Nc7 31. Be3 Ra8 32. Bf4 Bd6 33. Bc1 Kf8 34. Kf1
Na6 35. Ke2 Rad8 36. Be3 Be7 37. R3d2 Bb4 38. Rd3 Nc7 39. Bc2 Be7 40. R3d2 Bb4
41. Rd3 Ne8 42. Rb1 a5 43. Rbd1 Nd6 44. Bc1 Nf5 45. Bb2 Be7 46. R3d2 Nd6 47.
Bc3 a4 48. Ba5 Ra8 49. Bb4 Nc8 50. Bxe7+ Kxe7 51. d5 Nb6 52. dxc6 bxc6 53.
Rxd7+ Nxd7 54. Be4 axb3 55. axb3 Ra6 56. b4 f5 57. Bg2 Ne5 58. c5 Nc4 59. Ke1
Na3 60. Rd2 Nb5 61. f4 g5 62. Kf2 Nc3 63. Rd6 Ra2+ 64. Kf1 gxf4 65. Bxc6 Rb2
66. Rd7+ Kf6 67. Rb7 Ke5 68. gxf4+ Kxf4 69. Be8 Rxh2 70. c6 Kf3 71. Rg7 Nd1 72.
Kg1 Rc2 73. Bh5+ Ke3 74. Bxd1 Rxc6 75. Ba4 Rc4 76. Rg3+ Kf4 77. Rb3 e5 78. Bb5
Rc1+ 79. Bf1 e4 80. b5 e3 81. Rb2 Kf3 82. b6 e2 83. Rxe2 Rb1 84. Rf2+ Kg3 85.
Rg2+ Kf3 86. Rg6 Ke3 87. Kg2 Rb2+ 88. Kh3 f4 89. Re6+ Kf3 90. b7 Rb1 91. Bg2+
Kf2 92. Rf6 Rb3+ 93. Kh2 Ke3 94. Rf5 1-0

[Event "Russian Championship B17 2016"]
[Site "Loo"]
[Date "2016.04.28"]
[Round "9.6"]
[White "Fakhrutdinov, Timur"]
[Black "Borisovsky, Dmitry"]
[Result "1-0"]
[WhiteElo "2290"]
[BlackElo "2281"]
[PlyCount "65"]
[EventDate "2016.04.20"]

1. e4 c5 2. Nf3 d6 3. d4 cxd4 4. Nxd4 Nf6 5. Nc3 Nc6 6. Bg5 e6 7. Qd2 Be7 8.
O-O-O a6 9. f4 Nxd4 10. Qxd4 b5 11. Be2 Bb7 12. Bf3 Rc8 13. g4 O-O 14. Qd3 Qc7
15. Kb1 Rfd8 16. Ne2 d5 17. e5 Ne4 18. Bxe7 Qxe7 19. Bxe4 dxe4 20. Qe3 Bd5 21.
Rd2 b4 22. Rhd1 Qc7 23. Ng3 a5 24. Nxe4 a4 25. Nd6 Rb8 26. f5 Qe7 27. Qf4 Rd7
28. f6 Qf8 29. fxg7 Qxg7 30. Ne4 Kh8 31. Nf6 Rdd8 32. Nxd5 exd5 33. Rxd5 1-0

[Event "Russian Championship B17 2016"]
[Site "Loo"]
[Date "2016.04.28"]
[Round "9.7"]
[White "Zhitnikov, Konstantin"]
[Black "Galaktionov, Artem"]
[Result "1-0"]
[WhiteElo "2288"]
[BlackElo "2208"]
[PlyCount "135"]
[EventDate "2016.04.20"]

1. e4 e6 2. d4 d5 3. Nd2 c5 4. exd5 Qxd5 5. Ngf3 cxd4 6. Bc4 Qd6 7. O-O Nf6 8.
Nb3 Nc6 9. Nbxd4 Nxd4 10. Nxd4 a6 11. c3 Be7 12. Qe2 O-O 13. a4 Qc7 14. Bg5 e5
15. Nc2 Nd5 16. Bxe7 Nf4 17. Qf3 Qxe7 18. Ne3 Be6 19. Bxe6 Qxe6 20. Rfd1 Nd3
21. Qxb7 Rab8 22. Qd5 Qxd5 23. Nxd5 Nxb2 24. Rdb1 Nxa4 25. Re1 Nc5 26. Rxe5 Nd7
27. Ne7+ Kh8 28. Rea5 Rfe8 29. Nd5 Rb5 30. Rxb5 axb5 31. Nc7 Rb8 32. Ra8 Rxa8
33. Nxa8 Kg8 34. Nc7 Kf8 35. Nxb5 Ke7 36. f3 Ke6 37. Kf2 Kd5 38. Ke3 f6 39. Nd4
Kc4 40. Kd2 Ne5 41. Ne6 g5 42. f4 Nf7 43. Nf8 h6 44. Nd7 f5 45. g3 gxf4 46.
gxf4 Nd8 47. Ne5+ Kd5 48. Ke3 Ne6 49. h3 h5 50. h4 Kc5 51. Nd7+ Kc4 52. Nf6 Nf8
53. Kf3 Ng6 54. Kg3 Kxc3 55. Nxh5 Kd4 56. Nf6 Ke3 57. Nd5+ Ke4 58. h5 Nh8 59.
Nf6+ Ke3 60. h6 Nf7 61. h7 Nh8 62. Ne8 Ke4 63. Nf6+ Ke3 64. Ng8 Kd4 65. Ne7 Kc5
66. Nxf5 Kd5 67. Nh4 Nf7 68. Ng6 1-0

[Event "Russian Championship B17 2016"]
[Site "Loo"]
[Date "2016.04.28"]
[Round "9.8"]
[White "Lobanov, Sergei"]
[Black "Dobrocmyslov, Artem"]
[Result "1-0"]
[WhiteElo "2457"]
[BlackElo "2215"]
[PlyCount "83"]
[EventDate "2016.04.20"]

1. e4 e6 2. d4 d5 3. Nc3 Nf6 4. e5 Nfd7 5. f4 c5 6. Nf3 Nc6 7. Be3 a6 8. Qd2 b5
9. dxc5 Bxc5 10. Bd3 Qb6 11. Bf2 Bxf2+ 12. Qxf2 g6 13. O-O Qxf2+ 14. Kxf2 Nc5
15. Ne2 b4 16. Ned4 Nxd4 17. Nxd4 O-O 18. Ke3 a5 19. a3 Ba6 20. Bxa6 Nxa6 21.
axb4 axb4 22. Ra5 Nc7 23. Rfa1 Rac8 24. Rc5 Na8 25. Rxc8 Rxc8 26. Ra4 b3 27.
cxb3 Kf8 28. Ra7 Nc7 29. b4 Ke8 30. b5 Na8 31. Nc6 Nb6 32. Kd4 Nc4 33. b3 Nd2
34. Kc3 Ne4+ 35. Kb4 g5 36. fxg5 Nd2 37. Nd4 Rb8 38. Ka5 Ne4 39. b6 Nc5 40. Rc7
Nd7 41. Nc6 Rxb6 42. Rc8# 1-0

[Event "Russian Championship B17 2016"]
[Site "Loo"]
[Date "2016.04.28"]
[Round "9.9"]
[White "Malyshev, Grigory"]
[Black "Mesnyankin, Nikita"]
[Result "1-0"]
[WhiteElo "2315"]
[BlackElo "2205"]
[PlyCount "117"]
[EventDate "2016.04.20"]

1. d4 Nf6 2. c4 e6 3. g3 d5 4. Nf3 Be7 5. Bg2 O-O 6. O-O dxc4 7. Qc2 a6 8. Qxc4
b5 9. Qc2 Bb7 10. Bd2 Be4 11. Qc1 Bb7 12. Rd1 Qc8 13. Bf4 Nd5 14. e4 Nxf4 15.
Qxf4 Nd7 16. Nbd2 c5 17. dxc5 Nxc5 18. Rac1 Qb8 19. Qe3 Rc8 20. Rc2 Na4 21.
Rdc1 Nxb2 22. Qd4 Rxc2 23. Rxc2 Nc4 24. Nxc4 bxc4 25. Qxc4 Qd6 26. Rd2 Qc6 27.
Qxc6 Bxc6 28. Ne5 Bb5 29. Bf1 f6 30. Bxb5 axb5 31. Nc6 Bf8 32. Nd4 Rd8 33. Nb3
Rxd2 34. Nxd2 Bc5 35. Kf1 Kf7 36. Ke2 Ke7 37. f4 f5 38. Kf3 h5 39. h3 g6 40. g4
hxg4+ 41. hxg4 Kd6 42. g5 Bg1 43. Nb3 Bb6 44. Nc1 Bg1 45. Nd3 Bd4 46. Ne1 Bg1
47. Ng2 Ke7 48. Nh4 Kf7 49. e5 Bd4 50. Ke2 Bg1 51. Nf3 Bc5 52. Kd3 Bf2 53. Nd4
b4 54. Nc2 Bc5 55. Kc4 Bf2 56. Nxb4 Be3 57. Nd3 Ke7 58. Kb5 Kd7 59. a4 1-0

[Event "Russian Championship B17 2016"]
[Site "Loo"]
[Date "2016.04.28"]
[Round "9.10"]
[White "Grigorjev, Iljya"]
[Black "Zaichikov, Andrey"]
[Result "1-0"]
[WhiteElo "2297"]
[BlackElo "2013"]
[PlyCount "53"]
[EventDate "2016.04.20"]

1. b3 Nf6 2. Bb2 g6 3. Bxf6 exf6 4. c4 Nc6 5. Nc3 d6 6. g3 Bg7 7. Bg2 O-O 8. e3
Bf5 9. d4 Qc8 10. h4 Re8 11. Nge2 h5 12. O-O g5 13. d5 Ne5 14. Nd4 Bg4 15. f3
Bh3 16. Qc2 Ng6 17. Qf2 Bh6 18. hxg5 fxg5 19. Ne4 Re5 20. f4 gxf4 21. exf4 Rxe4
22. Bxe4 Bxf1 23. Rxf1 Kg7 24. Nf5+ Kh7 25. Nxh6 Kxh6 26. f5 Qe8 27. Qe3+ 1-0

[Event "Russian Championship B17 2016"]
[Site "Loo"]
[Date "2016.04.28"]
[Round "9.11"]
[White "Klukin, Kirill"]
[Black "Ergeshov, Timur"]
[Result "1/2-1/2"]
[WhiteElo "2259"]
[BlackElo "2209"]
[PlyCount "81"]
[EventDate "2016.04.20"]

1. d4 Nf6 2. Nf3 e6 3. e3 b6 4. Bd3 Bb7 5. b3 d5 6. Bb2 Bd6 7. O-O O-O 8. Qe2
Nbd7 9. c4 Ne4 10. Nc3 a6 11. a3 f5 12. b4 c6 13. Rfd1 Bc7 14. a4 Qf6 15. b5
Nxc3 16. Bxc3 axb5 17. axb5 cxb5 18. cxd5 Bxd5 19. Bxb5 Nc5 20. Bb4 Rxa1 21.
Rxa1 Rd8 22. Rc1 Qh6 23. h3 g5 24. Ne5 Bxe5 25. dxe5 Rc8 26. Qb2 Rc7 27. Qa3
Qh4 28. Bxc5 bxc5 29. Rxc5 Qe4 30. Bf1 Rxc5 31. Qxc5 Qxe5 32. Qc8+ Kg7 33. Qd7+
Kg6 34. Qe8+ Kg7 35. Qe7+ Kg6 36. h4 gxh4 37. Qxh4 Qf6 38. Qg3+ Qg5 39. Qb8 Kg7
40. Qc7+ Kg8 41. Qb8+ 1/2-1/2

[Event "Russian Championship B17 2016"]
[Site "Loo"]
[Date "2016.04.28"]
[Round "9.12"]
[White "Yashmetov, Mikhail"]
[Black "Galchenko, Matvey"]
[Result "0-1"]
[WhiteElo "2212"]
[BlackElo "2245"]
[PlyCount "94"]
[EventDate "2016.04.20"]

1. d4 Nf6 2. c4 c5 3. d5 e6 4. Nc3 exd5 5. cxd5 d6 6. e4 g6 7. f4 Bg7 8. Bb5+
Nfd7 9. Nf3 O-O 10. O-O a6 11. Bd3 b5 12. a3 Re8 13. Kh1 Bb7 14. f5 Nf6 15.
fxg6 hxg6 16. Bg5 Nbd7 17. Qd2 Qc7 18. Rae1 Ng4 19. Bb1 Nde5 20. h3 Nxf3 21.
gxf3 Nf6 22. Qg2 Nh7 23. Bc1 Kh8 24. Nd1 Qe7 25. Nf2 Bxd5 26. exd5 Qxe1 27. Ne4
Qh4 28. Nxd6 Rf8 29. Ne4 c4 30. Be3 Rad8 31. Rd1 Rfe8 32. Bb6 Rd7 33. d6 Qh5
34. Bf2 Be5 35. Rd5 Qh6 36. Qf1 Kg8 37. a4 f5 38. Nc3 Nf6 39. Rd1 Qf4 40. Qg2
Kf7 41. axb5 axb5 42. Nxb5 Rb8 43. Na7 Rxb2 44. Nc6 Rxd6 45. Nxe5+ Qxe5 46. Rg1
Nh5 47. Qf1 Qf4 0-1

[Event "Russian Championship B17 2016"]
[Site "Loo"]
[Date "2016.04.28"]
[Round "9.13"]
[White "Bilan, Danila"]
[Black "Obgolts, Erik"]
[Result "0-1"]
[WhiteElo "2244"]
[BlackElo "2172"]
[PlyCount "116"]
[EventDate "2016.04.20"]

1. d4 Nf6 2. Nf3 g6 3. c4 Bg7 4. e3 O-O 5. Be2 c5 6. d5 d6 7. Nc3 a6 8. O-O b5
9. cxb5 axb5 10. Bxb5 Ba6 11. Bxa6 Nxa6 12. Nd2 Nd7 13. Nc4 Ne5 14. Qe2 Nxc4
15. Qxc4 Qa5 16. a3 Rfb8 17. Ra2 Nc7 18. Bd2 Bxc3 19. Bxc3 Qb5 20. Qxb5 Rxb5
21. Rd1 Ra4 22. Kf1 f5 23. f3 Kf7 24. Ke2 g5 25. h3 h5 26. Rd2 Rb3 27. Ra1 Nb5
28. Kd3 c4+ 29. Kc2 Nxc3 30. bxc3 Raxa3 31. Rxa3 Rxa3 32. Kb2 Ra4 33. Rd4 Kf6
34. g4 fxg4 35. fxg4 hxg4 36. Rxg4 Kf5 37. Kb1 Ra8 38. Rxc4 Rh8 39. Kc2 Rxh3
40. Kd3 Rh7 41. Ra4 Rg7 42. Ke2 Ke5 43. Rd4 g4 44. Kf2 Rf7+ 45. Kg2 Rf3 46.
Rxg4 Rxe3 47. Rd4 Rxc3 48. Rd2 Rc4 49. Kf3 Rd4 50. Re2+ Kf6 51. Rf2 Rxd5 52.
Ke4+ Ke6 53. Rh2 Re5+ 54. Kd4 Kd7 55. Rh7 Re1 56. Kd5 Re5+ 57. Kd4 Kc6 58. Rh1
Rc5 0-1

[Event "Russian Championship B17 2016"]
[Site "Loo"]
[Date "2016.04.28"]
[Round "9.14"]
[White "Klimentov, Evgeny"]
[Black "Trubchaninov, Timur"]
[Result "1-0"]
[WhiteElo "2274"]
[BlackElo "2194"]
[PlyCount "99"]
[EventDate "2016.04.20"]

1. e4 Nf6 2. e5 Nd5 3. d4 d6 4. c4 Nb6 5. exd6 cxd6 6. Nc3 g6 7. Be3 Bg7 8. Rc1
O-O 9. b3 Bf5 10. h3 d5 11. c5 Nc8 12. g4 Bd7 13. Bg2 e6 14. Nge2 Nc6 15. O-O
h6 16. Qd2 Kh7 17. f4 f5 18. g5 hxg5 19. fxg5 Be8 20. Nf4 Bf7 21. h4 N8e7 22.
Nb5 Qd7 23. Nd6 Rad8 24. b4 e5 25. dxe5 Nxe5 26. Bd4 N7c6 27. Bxe5 Nxe5 28.
Nxd5 Bxd5 29. Bxd5 f4 30. Bf3 Qh3 31. Qg2 Qxh4 32. Qh1 Qxh1+ 33. Kxh1 b6 34.
Rcd1 bxc5 35. bxc5 Nxf3 36. Rxf3 Be5 37. Rfd3 f3 38. Kg1 Rd7 39. Kf2 Rc7 40.
Rd5 Bxd6 41. cxd6 Rc2+ 42. R1d2 Rxd2+ 43. Rxd2 Kg7 44. d7 Rd8 45. Kxf3 Kf7 46.
Ke4 Ke6 47. Rd3 a5 48. a4 Rxd7 49. Rxd7 Kxd7 50. Kd5 1-0

[Event "Russian Championship B17 2016"]
[Site "Loo"]
[Date "2016.04.28"]
[Round "9.15"]
[White "Radzhabov, Rodion"]
[Black "Sin, Denis"]
[Result "1/2-1/2"]
[WhiteElo "2172"]
[BlackElo "2298"]
[PlyCount "72"]
[EventDate "2016.04.20"]

1. e4 c5 2. Nf3 d6 3. d4 cxd4 4. Qxd4 Nc6 5. Bb5 Bd7 6. Bxc6 Bxc6 7. Nc3 Nf6 8.
Bg5 e6 9. O-O-O Be7 10. Qd3 Qa5 11. h4 h6 12. Bd2 Qa6 13. Qxa6 bxa6 14. Rhe1
Ng4 15. Re2 O-O 16. Be1 Rfc8 17. g3 Be8 18. Nd4 Ne5 19. b3 Nc6 20. Nxc6 Bxc6
21. Re3 Bb7 22. Rdd3 Kf8 23. Kb2 Rc7 24. f4 Rac8 25. Re2 h5 26. Bf2 Bc6 27. a4
Bd7 28. Bd4 g6 29. Rde3 f6 30. Rd3 Kf7 31. Be3 Rb7 32. Red2 Rbc7 33. Re2 Rb7
34. Red2 Rbc7 35. Re2 Rb7 36. Red2 Rbc7 1/2-1/2

[Event "Russian Championship B17 2016"]
[Site "Loo"]
[Date "2016.04.28"]
[Round "9.16"]
[White "Komov, Roman"]
[Black "Bezotechestvo, Konstantin"]
[Result "1-0"]
[WhiteElo "2258"]
[BlackElo "2064"]
[PlyCount "151"]
[EventDate "2016.04.20"]

1. Nf3 d5 2. c4 c6 3. e3 Nf6 4. Nc3 e6 5. d4 Nbd7 6. Qc2 Bd6 7. Bd3 dxc4 8.
Bxc4 b5 9. Be2 Bb7 10. O-O O-O 11. e4 e5 12. Rd1 Qe7 13. dxe5 Nxe5 14. Nd4 Bc5
15. Nf5 Qc7 16. h3 Ng6 17. b4 Bb6 18. Bg5 Qe5 19. a4 Rae8 20. Bf3 a6 21. a5 Bc7
22. g3 Bc8 23. Be3 Rd8 24. Ne2 Bb7 25. Nf4 Bb8 26. Nd3 Rxd3 27. Qxd3 Qe6 28.
Bc5 Re8 29. Bg2 Ne5 30. Qc3 Nc4 31. f4 h5 32. Re1 g6 33. Ne3 Nxe3 34. Qxe3 Nd7
35. f5 Qf6 36. fxg6 Qxg6 37. e5 Nxe5 38. Rad1 Bc8 39. Qc3 f6 40. Bd4 Be6 41.
Bxe5 Bxe5 42. Qxc6 Kf8 43. Qf3 Bxg3 44. Re3 h4 45. Qe2 Be5 46. Kh1 Bc4 47. Qg4
Qxg4 48. hxg4 Kf7 49. Bd5+ Bxd5+ 50. Rxd5 Kg6 51. Kg2 Kg5 52. Kh3 Re6 53. Re4
Re7 54. Rc5 Re6 55. Rd5 Re8 56. Re2 Kf4 57. Rf2+ Ke4 58. Rdd2 Rc8 59. Rfe2+ Kf4
60. Rc2 Rf8 61. Rf2+ Ke4 62. Rc6 Rd8 63. Re2+ Kf3 64. Rcc2 Rd1 65. Rf2+ Ke3 66.
Rfe2+ Kf3 67. Rf2+ Ke3 68. Kg2 Rb1 69. Rce2+ Kd4 70. Rf5 Rb3 71. g5 Rg3+ 72.
Kf2 Rxg5 73. Rexe5 fxe5 74. Rxg5 h3 75. Kg3 Kc4 76. Rg4+ 1-0

[Event "Russian Championship B17 2016"]
[Site "Loo"]
[Date "2016.04.28"]
[Round "9.17"]
[White "Abramov, Nikita"]
[Black "Scherbakov, Mikhail"]
[Result "1-0"]
[WhiteElo "2255"]
[BlackElo "2139"]
[PlyCount "49"]
[EventDate "2016.04.20"]

1. Nf3 c5 2. e4 Nc6 3. d4 cxd4 4. Nxd4 g6 5. c4 Nf6 6. Nc3 d6 7. f3 Nxd4 8.
Qxd4 Bg7 9. Be3 O-O 10. Qd2 a5 11. b3 a4 12. b4 Be6 13. Rc1 Nd7 14. Be2 f5 15.
exf5 Rxf5 16. Ne4 Kh8 17. h4 Ne5 18. Ng5 Qg8 19. h5 Rxg5 20. Bxg5 gxh5 21. Rxh5
Qf7 22. f4 Ng4 23. Rh4 h5 24. g3 Rc8 25. Qc2 1-0

[Event "Russian Championship B17 2016"]
[Site "Loo"]
[Date "2016.04.28"]
[Round "9.18"]
[White "Dubinin, Alexsandr"]
[Black "Shandrygin, Nikita"]
[Result "1-0"]
[WhiteElo "2080"]
[BlackElo "2334"]
[PlyCount "70"]
[EventDate "2016.04.20"]

1. e4 e5 2. Nf3 Nc6 3. Nc3 Nf6 4. Bb5 Bd6 5. d3 a6 6. Ba4 O-O 7. a3 Re8 8. Bg5
b5 9. Bb3 Be7 10. O-O d6 11. Nd5 Be6 12. Nxe7+ Qxe7 13. Bd5 Bxd5 14. exd5 Nb8
15. Nh4 Nbd7 16. Nf5 Qf8 17. Ne3 h6 18. Bh4 g6 19. Qd2 Nh5 20. f3 f5 21. a4 Nb6
22. axb5 axb5 23. Qb4 Nf4 24. Qxb5 Qf7 25. c4 Qd7 26. Qb3 Ne2+ 27. Kh1 Nd4 28.
Qd1 Na4 29. b4 Kg7 30. Nc2 Nb3 31. Ra3 Nb2 32. Qd2 Rxa3 33. Nxa3 Na4 34. Nb5
Nd4 35. Nxd4 exd4 {запись неразбор~~ива} 1-0

[Event "Russian Championship B17 2016"]
[Site "Loo"]
[Date "2016.04.28"]
[Round "9.19"]
[White "Gunchenko, Vadim"]
[Black "Kuznetsov, Felix"]
[Result "1-0"]
[WhiteElo "2263"]
[BlackElo "2053"]
[PlyCount "91"]
[EventDate "2016.04.20"]

1. d4 Nf6 2. c4 e5 3. dxe5 Ng4 4. e3 Nxe5 5. Nh3 Bb4+ 6. Bd2 Bxd2+ 7. Qxd2 d6
8. Nf4 O-O 9. Nc3 b6 10. Be2 Bb7 11. Nfd5 a6 12. f4 Ned7 13. Bf3 Bc6 14. O-O
Nf6 15. Qd4 Nxd5 16. cxd5 Bd7 17. e4 a5 18. e5 Na6 19. e6 fxe6 20. dxe6 Bxe6
21. Bxa8 Qxa8 22. Rae1 Bf7 23. Re7 Re8 24. Rfe1 Rxe7 25. Rxe7 Qd8 26. Rxf7 Kxf7
27. Qc4+ d5 28. Qxa6 d4 29. Qd3 c5 30. Ne4 h6 31. a4 Kg8 32. b3 Kh8 33. g3 Qd5
34. Nd2 Qh5 35. Nf3 Qe8 36. Ne5 Qa8 37. Qg6 Qd5 38. Qd3 Qb7 39. h4 Qa8 40. h5
Qe8 41. Qg6 Qe7 42. Nf7+ Kg8 43. Nxh6+ Kh8 44. Nf7+ Kg8 45. Ne5 d3 46. Qxd3 1-0

[Event "Russian Championship B17 2016"]
[Site "Loo"]
[Date "2016.04.28"]
[Round "9.20"]
[White "Mestnikov, Aisen"]
[Black "Galiullin, Mikhail"]
[Result "0-1"]
[WhiteElo "2190"]
[BlackElo "2164"]
[PlyCount "74"]
[EventDate "2016.04.20"]

1. d4 g6 2. c4 Bg7 3. Nc3 Nf6 4. e4 d6 5. Nf3 O-O 6. h3 e5 7. d5 Nh5 8. g3 Qe8
9. Nh4 f5 10. exf5 gxf5 11. Bd2 Na6 12. a3 e4 13. Be2 e3 14. Bxh5 exd2+ 15.
Kxd2 Qe7 16. f4 Nc5 17. Bf3 Bd7 18. Qc2 Qf6 19. Rad1 Qd4+ 20. Kc1 Qxc4 21. Be2
Qb3 22. Qxb3 Nxb3+ 23. Kb1 Rae8 24. Rhe1 Re3 25. Bh5 Rxg3 26. Re7 Nc5 27. Ne2
Rb3 28. Rd2 Rxh3 29. Rd1 Bf6 30. Rg1+ Kh8 31. Rf7 Rxf7 32. Bxf7 Bg7 33. Nd4
Rxh4 34. Ne6 Rg4 35. Rh1 Bxe6 36. dxe6 Bf6 37. b4 Na4 0-1

[Event "Russian Championship B17 2016"]
[Site "Loo"]
[Date "2016.04.28"]
[Round "9.21"]
[White "Bubnov, Kirill"]
[Black "Saidov, Bilukhadzh"]
[Result "1-0"]
[WhiteElo "2159"]
[BlackElo "2027"]
[PlyCount "41"]
[EventDate "2016.04.20"]

1. d4 d5 2. c4 e6 3. Nc3 Nf6 4. cxd5 exd5 5. Nf3 Be7 6. Bg5 O-O 7. e3 Re8 8.
Bd3 Nbd7 9. Qc2 Nf8 10. O-O g6 11. b4 a6 12. a4 c6 13. b5 cxb5 14. axb5 a5 15.
Rfb1 N8d7 16. Na4 b6 17. Qc6 Rb8 18. Bf4 Rb7 19. Rc1 Nb8 20. Qc2 Bd6 21. Qxc8
1-0

[Event "Russian Championship B17 2016"]
[Site "Loo"]
[Date "2016.04.28"]
[Round "9.22"]
[White "Isayev, Maksym"]
[Black "Mestnikov, Aital"]
[Result "1-0"]
[WhiteElo "2059"]
[BlackElo "2063"]
[PlyCount "85"]
[EventDate "2016.04.20"]

1. d4 Nf6 2. c4 c5 3. d5 e6 4. Nc3 exd5 5. cxd5 d6 6. e4 g6 7. Nge2 Bg7 8. Ng3
O-O 9. Be2 Re8 10. O-O a6 11. a4 Nbd7 12. Bg5 Qb6 13. Qd2 Ne5 14. a5 Qc7 15. f4
Ned7 16. e5 dxe5 17. f5 e4 18. Kh1 b5 19. axb6 Qxb6 20. Bc4 Bb7 21. Rae1 Qb4
22. b3 e3 23. Rxe3 Rxe3 24. Bxe3 Re8 25. Bf4 Nb6 26. Qd3 Ng4 27. Nge4 Nd7 28.
Qd1 Nde5 29. h3 Nxc4 30. bxc4 Ne5 31. fxg6 hxg6 32. Nd6 Re7 33. Qc2 Qb6 34.
Nce4 a5 35. Bg5 Re8 36. Nf6+ Bxf6 37. Bxf6 Nd7 38. Ba1 Qxd6 39. Qb2 f6 40. Qxb7
Re3 41. Qc6 Qe7 42. Kh2 f5 43. Qxg6+ 1-0

[Event "Russian Championship B17 2016"]
[Site "Loo"]
[Date "2016.04.28"]
[Round "9.23"]
[White "Lushnikov, Sergey"]
[Black "Bogdanov, Nikita"]
[Result "0-1"]
[WhiteElo "1953"]
[BlackElo "2025"]
[PlyCount "74"]
[EventDate "2016.04.20"]

1. e4 c6 2. d4 d5 3. exd5 cxd5 4. Bd3 Nc6 5. c3 Nf6 6. Bf4 g6 7. Nf3 Bg7 8. O-O
O-O 9. Nbd2 Nh5 10. Bg3 Nxg3 11. hxg3 Qd6 12. Re1 Bg4 13. Qb3 Na5 14. Qc2 Nc6
15. b4 Rac8 16. Qb3 Kh8 17. a4 Rc7 18. a5 Rfc8 19. b5 Nd8 20. Rac1 Ne6 21. Qb2
Bf6 22. Rc2 Bf5 23. Bxf5 gxf5 24. Rcc1 f4 25. Nf1 Ng5 26. Nxg5 Bxg5 27. gxf4
Bxf4 28. Rc2 Qg6 29. Ne3 e6 30. g3 Bd6 31. Ng2 Rc4 32. a6 bxa6 33. bxa6 Rxd4
34. cxd4 Rxc2 35. Qb5 Bxg3 36. fxg3 Qxg3 37. Re2 Rc1+ 0-1

[Event "Russian Championship B17 2016"]
[Site "Loo"]
[Date "2016.04.28"]
[Round "9.24"]
[White "Selivanov, Ivan"]
[Black "Tkhamokov, Amir"]
[Result "1-0"]
[WhiteElo "2194"]
[BlackElo "1844"]
[PlyCount "63"]
[EventDate "2016.04.20"]

1. e4 c5 2. Nf3 Nc6 3. d4 cxd4 4. Nxd4 g6 5. c4 Nf6 6. Nc3 d6 7. Be2 Nxd4 8.
Qxd4 Bg7 9. Be3 O-O 10. Qd2 Be6 11. O-O Qa5 12. f3 Rfc8 13. b3 Nd7 14. Rac1 a6
15. f4 Nc5 16. f5 Bd7 17. f6 Bxf6 18. Rxf6 exf6 19. Bd4 Qd8 20. Rf1 f5 21. exf5
Bxf5 22. Nd5 Qh4 23. Bf6 Ne4 24. Qd4 Qh6 25. g4 Nxf6 26. Nxf6+ Kf8 27. gxf5 Rd8
28. fxg6 hxg6 29. Bf3 Rab8 30. Bd5 Qg5+ 31. Kh1 Qe5 32. Qh4 1-0

[Event "Russian Championship B17 2016"]
[Site "Loo"]
[Date "2016.04.28"]
[Round "9.25"]
[White "Gagarin, Sergey"]
[Black "Chilingaryan, Pavel"]
[Result "1/2-1/2"]
[WhiteElo "1997"]
[BlackElo "2125"]
[PlyCount "110"]
[EventDate "2016.04.20"]

1. e4 c5 2. Nf3 g6 3. d4 cxd4 4. Nxd4 Bg7 5. Nc3 Nc6 6. Be3 Nf6 7. f3 O-O 8.
Qd2 d5 9. exd5 Nxd5 10. Nxc6 bxc6 11. Bd4 Bxd4 12. Qxd4 Qa5 13. Bc4 e5 14. Qd2
Be6 15. Ne4 Qxd2+ 16. Nxd2 Rfd8 17. Bxd5 cxd5 18. O-O-O f6 19. Rhe1 Kf7 20. Nb3
Rdc8 21. f4 exf4 22. Nd4 Bg4 23. Rd3 Re8 24. Rf1 g5 25. Rc3 Re4 26. Rc7+ Kg6
27. c3 Rc8 28. Rxc8 Bxc8 29. Kd2 h5 30. b4 g4 31. b5 Kg5 32. a4 h4 33. a5 Re7
34. Re1 Rg7 35. Ke2 h3 36. gxh3 g3 37. hxg3 fxg3 38. Kf3 Rc7 39. Nc6 a6 40. Re7
Bd7 41. Rg7+ Kh4 42. Rh7+ Kg5 43. h4+ Kf5 44. Kxg3 axb5 45. Nd4+ Kg6 46. Nxb5
Rc5 47. Rxd7 Rxb5 48. a6 Rb3 49. h5+ Kh6 50. Kg4 Rxc3 51. a7 Ra3 52. Kf5 d4 53.
Kxf6 Kxh5 54. Rd5+ Kh6 55. Rxd4 Ra6+ 1/2-1/2

[Event "Russian Championship B17 2016"]
[Site "Loo"]
[Date "2016.04.28"]
[Round "9.26"]
[White "Piskun, Denis"]
[Black "Akhtemov, Mustafa"]
[Result "0-1"]
[WhiteElo "1689"]
[BlackElo "1880"]
[PlyCount "149"]
[EventDate "2016.04.20"]

1. e4 e6 2. d4 d5 3. e5 c5 4. c3 Nc6 5. Nf3 Qb6 6. Be2 Bd7 7. O-O cxd4 8. cxd4
Nge7 9. Na3 Nf5 10. Nc2 Rc8 11. a3 Be7 12. b4 a6 13. Bb2 Na5 14. Ne3 Nxe3 15.
fxe3 Nc4 16. Bxc4 Rxc4 17. Nd2 Rc8 18. Qf3 O-O 19. Rac1 a5 20. Bc3 axb4 21.
Bxb4 Rxc1 22. Rxc1 Bxb4 23. axb4 Qxb4 24. Qd1 Ba4 25. Qe1 b5 26. Rb1 Qa3 27.
Qe2 Rc8 28. e4 dxe4 29. Nxe4 Rc1+ 30. Rxc1 Qxc1+ 31. Kf2 Qf4+ 32. Qf3 Qxf3+ 33.
Kxf3 b4 34. Nc5 Bc6+ 35. Kf2 Bd5 36. g3 f6 37. exf6 gxf6 38. Ke3 Kf7 39. h4 Ke7
40. g4 h6 41. Nd3 b3 42. Kd2 Kd6 43. Kc3 Bf3 44. Kxb3 Bxg4 45. Kc3 Kd5 46. Nf2
Bf5 47. h5 e5 48. dxe5 Kxe5 49. Kd2 Kf4 50. Ke1 Kf3 51. Kf1 Bg4 52. Nd1 Bxh5
53. Nc3 Bf7 54. Nd1 f5 55. Nf2 f4 56. Nh1 Bd5 57. Kg1 Ke3 58. Nf2 h5 59. Nd1+
Kd2 60. Nf2 f3 61. Nh1 Ke3 62. Nf2 Bc4 63. Nd1+ Ke2 64. Nf2 Be6 65. Nh1 h4 66.
Nf2 Bf5 67. Nh1 Ke1 68. Nf2 h3 69. Nh1 Be6 70. Ng3 f2+ 71. Kh2 f1=Q 72. Nxf1
Kxf1 73. Kh1 Kf2 74. Kh2 Kf3 75. Kh1 0-1

[Event "Russian Championship B17 2016"]
[Site "Loo"]
[Date "2016.04.28"]
[Round "9.27"]
[White "Prokopov, Nikita"]
[Black "Neznanov, Aleksandr"]
[Result "1/2-1/2"]
[WhiteElo "1682"]
[BlackElo "2085"]
[PlyCount "141"]
[EventDate "2016.04.20"]

1. e4 e5 2. Nf3 Nf6 3. Nc3 Nc6 4. d4 exd4 5. Nxd4 Bb4 6. Nxc6 bxc6 7. Bd3 O-O
8. O-O d6 9. Bg5 Qe7 10. Qf3 Qe5 11. Bxf6 Qxf6 12. Qxf6 gxf6 13. Na4 d5 14. c3
Bd6 15. Rad1 Be6 16. exd5 cxd5 17. Bb5 Rad8 18. Bc6 Be7 19. Rfe1 Rd6 20. Bxd5
Rfd8 21. Bb3 Bxb3 22. Rxd6 Bxa4 23. Rxd8+ Bxd8 24. b3 Bc6 25. f3 Kh8 26. c4 Be7
27. Kf1 Bd6 28. Ke2 h6 29. g3 f5 30. Kf2 f4 31. Re2 Kg7 32. Kg2 f5 33. c5 Bf8
34. gxf4 Kf6 35. b4 Bb5 36. Re3 a6 37. a3 h5 38. Kg3 Bh6 39. h4 Bg7 40. Re5 Bd7
41. c6 Be6 42. a4 Ke7 43. Re2 Kd6 44. b5 axb5 45. axb5 Bd4 46. Rd2 Kc5 47. Re2
Bc4 48. Re7 Bxb5 49. Rxc7 Bxc6 50. Rf7 Kd6 51. Rxf5 Be8 52. Ra5 Bc3 53. Ra6+
Ke7 54. Kf2 Bd2 55. f5 Bf4 56. Re6+ Kf7 57. Re4 Bc7 58. f6 Bd6 59. Kg2 Kf8 60.
Re6 Bf4 61. Re4 Bc1 62. Kg3 Bg6 63. Re7 Bb2 64. Rg7 Bf7 65. Rg5 Bxf6 66. Rb5
Bc3 67. Rc5 Be1+ 68. Kh3 Kg7 69. Re5 Bc3 70. Re4 Bg6 71. Rc4 1/2-1/2

[Event "Russian Championship B17 2016"]
[Site "Loo"]
[Date "2016.04.28"]
[Round "9.28"]
[White "Mukuk, Osman"]
[Black "Pryalukhin, Danila"]
[Result "0-1"]
[WhiteElo "1712"]
[BlackElo "2011"]
[PlyCount "102"]
[EventDate "2016.04.20"]

1. e4 c5 2. Nf3 d6 3. d4 cxd4 4. Nxd4 Nf6 5. Nc3 a6 6. Be2 e6 7. Be3 Nbd7 8.
Nb3 Be7 9. O-O O-O 10. Kh1 b5 11. f4 b4 12. Nb1 Nxe4 13. Bf3 Bb7 14. N1d2 Ndf6
15. Nxe4 Bxe4 16. Bxe4 Nxe4 17. Qd4 d5 18. Qd1 Qc7 19. Rf3 Bf6 20. Nd4 g6 21.
Rh3 Bg7 22. Qe2 Qc4 23. Qd1 Rac8 24. b3 Qc7 25. Rc1 Qa5 26. Qg4 Rc3 27. Qh4 h5
28. Ne2 Rcc8 29. Bd4 Bxd4 30. Nxd4 Qd8 31. Qe1 Qf6 32. Ne2 Rc7 33. Rf3 Rfc8 34.
Qd1 a5 35. Kg1 a4 36. bxa4 Kg7 37. a3 Rc4 38. axb4 Rxb4 39. c3 Rbc4 40. Qc2 Ra8
41. Ra1 Nc5 42. a5 Qd8 43. Qd1 Rxa5 44. Rxa5 Qxa5 45. f5 gxf5 46. Nd4 Ne4 47.
Ne2 Ra4 48. Nc1 Qc5+ 49. Kf1 Ra1 50. Qe1 Qa3 51. Rd3 Qxc1 0-1